000 00372nam a2200121Ia 4500
008 210430s9999 xx 000 0 und d
082 _a301 H687 C
100 _aHarold M.Hodges,jr
_953390
245 _aConflict and Consensus an Introduction to Sociology /
_cHarold M.Hodges,jr
260 _aIslamabad
_bNational Book foundation
_c1974
300 _a558p
942 _cBK
_2ddc
999 _c563380
_d563380